[Event "Open Ricany 2012"]
[Site "http://www.openricany.cz/"]
[Date "2012.08.28"]
[Round "4.30"]
[White "Havelka, Petr"]
[Black "Afimov, Igor"]
[Result "1/2-1/2"]
[WhiteElo "1889"]
[BlackElo "1969"]
[PlyCount "68"]
[EventDate "2012.??.??"]

1. d4 Nf6 2. c4 g6 3. Nc3 d5 4. e3 Bg7 5. Bd3 O-O 6. Nf3 c6 7. O-O Re8 8. a3 a5
9. Bd2 Nbd7 10. cxd5 cxd5 11. Bb5 Rf8 12. Rc1 Nb6 13. h3 Ne4 14. Bd3 Nd6 15.
Nb5 Nxb5 16. Bxb5 Bd7 17. Bxd7 Qxd7 18. b3 a4 19. Bb4 axb3 20. Qxb3 Nc4 21. e4
dxe4 22. Rxc4 exf3 23. Qxf3 Rfc8 24. Rxc8+ Rxc8 25. d5 Be5 26. Rd1 Bd6 27. Bxd6
Qxd6 28. Qb3 Ra8 29. Qxb7 Rxa3 30. Re1 Kf8 31. Qb2 Kg8 32. Qb7 Rd3 33. Qxe7
Qxe7 34. Rxe7 Rxd5 1/2-1/2

[Event "Open Ricany 2012"]
[Site "http://www.openricany.cz/"]
[Date "2012.08.28"]
[Round "4.31"]
[White "Rezac, Jindrich"]
[Black "Prochazka, Petr"]
[Result "1/2-1/2"]
[WhiteElo "1874"]
[BlackElo "1965"]
[PlyCount "62"]
[EventDate "2012.??.??"]

1. d4 d5 2. c4 Nc6 3. Nf3 Bg4 4. e3 e5 5. dxe5 dxc4 6. Qxd8+ Rxd8 7. Bxc4 Nxe5
8. Be2 Nd3+ 9. Bxd3 Rxd3 10. Ke2 Rd8 11. Nc3 Nf6 12. b3 Bd6 13. Bb2 a6 14. h3
Bd7 15. Rhd1 O-O 16. Nd4 Rfe8 17. Kf1 Bb4 18. a3 Bxc3 19. Bxc3 Ne4 20. Bb2 c5
21. Nf3 Be6 22. b4 cxb4 23. axb4 Rxd1+ 24. Rxd1 Rc8 25. Rc1 Rxc1+ 26. Bxc1 Nc3
27. Nd4 Bd5 28. f3 Bc4+ 29. Ke1 Nd5 30. Bd2 Ne7 31. Kf2 Nc6 1/2-1/2

[Event "Open Ricany 2012"]
[Site "http://www.openricany.cz/"]
[Date "2012.08.28"]
[Round "4.32"]
[White "Petrun, Milan"]
[Black "Marikova, Jana"]
[Result "0-1"]
[WhiteElo "1925"]
[BlackElo "1887"]
[PlyCount "102"]
[EventDate "2012.??.??"]

1. e4 c5 2. Nf3 d6 3. d4 cxd4 4. Nxd4 Nf6 5. Nc3 a6 6. Be2 e5 7. Nb3 Be6 8. f4
Nbd7 9. f5 Bxb3 10. axb3 Qb6 11. Bf3 Be7 12. Qe2 Rc8 13. g4 O-O 14. g5 Ne8 15.
Be3 Qc6 16. f6 Bd8 17. Bg4 Kh8 18. Qg2 b5 19. Qh3 Rc7 20. Nd5 Rb7 21. fxg7+
Nxg7 22. Bxd7 Rxd7 23. O-O Ne6 24. g6 f5 25. Rxf5 Rg7 26. Rxf8+ Nxf8 27. Kh1
Nxg6 28. Bh6 Rf7 29. c3 a5 30. Qe6 Qd7 31. Qxd7 Rxd7 32. Rf1 Kg8 33. Be3 Rf7
34. Rxf7 Kxf7 35. Kg2 Nf8 36. Bb6 Bxb6 37. Nxb6 Ke7 38. c4 b4 39. Kf3 Ne6 40.
Nd5+ Kf7 41. Kg4 Nc5 42. Kf5 Nxb3 43. Nb6 Nd4+ 44. Kg4 Ke6 45. h4 Ne2 46. Kh5
Ng3+ 47. Kh6 Nxe4 48. Kxh7 Nf6+ 49. Kg6 e4 50. c5 e3 51. c6 Ne8 0-1

[Event "Open Ricany 2012"]
[Site "http://www.openricany.cz/"]
[Date "2012.08.28"]
[Round "4.33"]
[White "Kyselka, Daniel"]
[Black "Pycha, Patrik"]
[Result "0-1"]
[WhiteElo "1830"]
[BlackElo "1925"]
[PlyCount "42"]
[EventDate "2012.??.??"]

1. Nf3 d5 2. d3 Nf6 3. Nbd2 Nc6 4. e4 dxe4 5. dxe4 Bg4 6. Bb5 e6 7. O-O Be7 8.
Qe1 O-O 9. Bxc6 bxc6 10. Ne5 Qe8 11. Nxg4 Nxg4 12. e5 Nh6 13. Qe4 Rd8 14. Nb3
Nf5 15. g4 Nh4 16. Nd4 Rxd4 17. Qe2 Qa8 18. f4 Rfd8 19. c3 Rd3 20. Be3 c5 21.
Rae1 Rxe3 0-1

[Event "Open Ricany 2012"]
[Site "http://www.openricany.cz/"]
[Date "2012.08.28"]
[Round "4.34"]
[White "Plchot, Miroslav"]
[Black "Cizek, Ondrej"]
[Result "0-1"]
[WhiteElo "1914"]
[BlackElo "1869"]
[PlyCount "132"]
[EventDate "2012.??.??"]

1. d4 d5 2. Nf3 Nf6 3. c4 e6 4. Nc3 Be7 5. Bf4 a6 6. e3 Nbd7 7. Bd3 h6 8. O-O
dxc4 9. Bxc4 b5 10. Bd3 c5 11. Rc1 Qb6 12. dxc5 Nxc5 13. Bb1 Bb7 14. Ne5 Rd8
15. Qe2 Ncd7 16. a3 Nxe5 17. Bxe5 Bd6 18. Bxf6 gxf6 19. Be4 Rg8 20. Qf3 Bxe4
21. Nxe4 Rg6 22. Nxf6+ Ke7 23. Nh5 Rdg8 24. g3 Rg5 25. Nf6 R8g6 26. Ne4 Rf5 27.
Nxd6 Qxd6 28. Qb7+ Kf6 29. Rc2 Kg7 30. Rc6 Qd2 31. e4 Rff6 32. Qe7 Kh7 33. Rcc1
Qg5 34. Rfd1 h5 35. Rc5 Qg4 36. Qd8 Qf3 37. Rd2 Qxe4 38. Rxh5+ Rh6 39. Rxh6+
Rxh6 40. Qd3 Qxd3 41. Rxd3 Kg7 42. h4 e5 43. Kg2 Rc6 44. b4 f5 45. Rd5 Kf6 46.
Rc5 Rxc5 47. bxc5 a5 48. Kf3 b4 49. axb4 a4 50. c6 Ke6 51. h5 a3 52. h6 a2 53.
c7 Kd7 54. c8=Q+ Kxc8 55. h7 e4+ 56. Kf4 a1=Q 57. Kxf5 Qh8 58. Kg6 Kd7 59. g4
Ke6 60. g5 Qe8+ 61. Kh6 Kf5 62. Kg7 Qe7+ 63. Kg8 Qxg5+ 64. Kf8 Qd8+ 65. Kg7
Qe7+ 66. Kg8 Kg6 0-1

[Event "Open Ricany 2012"]
[Site "http://www.openricany.cz/"]
[Date "2012.08.28"]
[Round "4.35"]
[White "Suchy, Ladislav"]
[Black "Tvrdy, Jindrich"]
[Result "1-0"]
[WhiteElo "1809"]
[BlackElo "1908"]
[PlyCount "49"]
[EventDate "2012.??.??"]

1. Nc3 g6 2. e4 d6 3. d4 Nf6 4. Be2 Bg7 5. Be3 c6 6. Qd2 b5 7. Bf3 Bb7 8. Nge2
Nbd7 9. Bh6 Bxh6 10. Qxh6 b4 11. Nd1 Qa5 12. O-O Qb5 13. Ng3 c5 14. c3 cxd4 15.
cxd4 Nf8 16. e5 Bxf3 17. exf6 Bxd1 18. fxe7 Ne6 19. Rfxd1 Kxe7 20. d5 Nc5 21.
Re1+ Kd7 22. Qh3+ Kd8 23. Qh4+ Kc7 24. Re7+ Kb6 25. Qf4 1-0

[Event "Open Ricany 2012"]
[Site "http://www.openricany.cz/"]
[Date "2012.08.28"]
[Round "4.36"]
[White "Kylar, Miroslav"]
[Black "Sedivy, Ondrej"]
[Result "1-0"]
[WhiteElo "1907"]
[BlackElo "1784"]
[PlyCount "65"]
[EventDate "2012.??.??"]

1. d4 d5 2. c4 c6 3. Nc3 Nf6 4. e3 e6 5. Nf3 Nbd7 6. b3 Bb4 7. Bd2 O-O 8. Bd3
Re8 9. O-O dxc4 10. Bxc4 Nb6 11. Be2 Bd6 12. e4 Bc7 13. Bg5 Qd7 14. Bxf6 gxf6
15. a4 a5 16. Qc2 Kh8 17. Rfd1 Rg8 18. g3 Qe7 19. d5 Bd7 20. Nb5 Bxg3 21. hxg3
cxb5 22. Qc7 Qd8 23. Qd6 b4 24. dxe6 Bxe6 25. Qc5 Nd7 26. Qb5 Qb6 27. Qxb6 Nxb6
28. Rd6 Nd7 29. Nd4 Nc5 30. Nxe6 Nxe6 31. Bc4 Rge8 32. Rd7 Kg8 33. Rxb7 {dale
necitelne} 1-0

[Event "Open Ricany 2012"]
[Site "http://www.openricany.cz/"]
[Date "2012.08.28"]
[Round "4.37"]
[White "Nigrin, Jiri"]
[Black "Danilov, Viacheslav"]
[Result "0-1"]
[WhiteElo "1684"]
[BlackElo "1900"]
[PlyCount "118"]
[EventDate "2012.??.??"]

1. c4 e6 2. Nc3 Nf6 3. g3 Be7 4. Bg2 O-O 5. Nf3 d5 6. cxd5 exd5 7. d4 c6 8. O-O
Bf5 9. e3 Na6 10. a3 Bd6 11. b4 Nc7 12. Bb2 Qd7 13. Rc1 a5 14. Na4 Qe7 15. Nc5
axb4 16. axb4 Nb5 17. Qb3 Rfc8 18. Rfd1 Rab8 19. Nh4 Bg4 20. Bf3 b6 21. Bxg4
Nxg4 22. Nd3 Qf6 23. Rd2 Nxh2 24. Kxh2 Qxh4+ 25. Kg2 Qe4+ 26. Kh2 h5 27. Nf4 h4
28. Qd3 hxg3+ 29. fxg3 Bxb4 30. Qxe4 dxe4 31. Rdc2 c5 32. Nd5 Rd8 33. Ne7+ Kf8
34. Nc6 Re8 35. Nxb8 Rxb8 36. dxc5 Bxc5 37. Bd4 Nxd4 38. exd4 Bxd4 39. Rc8+
Rxc8 40. Rxc8+ Ke7 41. Rc4 Be5 42. Rxe4 Kd6 43. Kg2 f5 44. Rb4 Kc5 45. Rb1 b5
46. Kf3 b4 47. g4 fxg4+ 48. Kxg4 Kc4 49. Kf5 Bc3 50. Ke4 Bf6 51. Rc1+ Kb3 52.
Rb1+ Kc3 53. Rc1+ Kb2 54. Rf1 b3 55. Kd3 Ka2 56. Rg1 b2 57. Kc2 Bd4 58. Rf1 g5
59. Kd3 Be5 0-1

[Event "Open Ricany 2012"]
[Site "http://www.openricany.cz/"]
[Date "2012.08.28"]
[Round "4.38"]
[White "Vlcek, Vilem"]
[Black "Vítek, Jan"]
[Result "1-0"]
[WhiteElo "1461"]
[BlackElo "1882"]
[PlyCount "57"]
[EventDate "2012.??.??"]

1. e4 e5 2. Nf3 Nc6 3. Bb5 a6 4. Ba4 Nf6 5. O-O Be7 6. Re1 b5 7. Bb3 O-O 8. c3
d5 9. exd5 Nxd5 10. Nxe5 Nxe5 11. Rxe5 Nf6 12. d4 Bd6 13. Re1 Ng4 14. g3 Nxh2
15. Qh5 Ng4 16. Bg5 Nf6 17. Qh4 Be7 18. Bc2 g6 19. Nd2 Bb7 20. Rxe7 Qxe7 21.
Bxf6 Qe6 22. Be4 Bxe4 23. Nxe4 h5 24. Qg5 Kh7 25. Be5 f5 26. Nf6+ Rxf6 27. Qxf6
Qxf6 28. Bxf6 c6 29. Re1 1-0

[Event "Open Ricany 2012"]
[Site "http://www.openricany.cz/"]
[Date "2012.08.28"]
[Round "4.39"]
[White "Havelka, Jan"]
[Black "Hlina, Miroslav"]
[Result "0-1"]
[WhiteElo "1762"]
[BlackElo "1857"]
[PlyCount "76"]
[EventDate "2012.??.??"]

1. e4 e6 2. d4 d5 3. exd5 exd5 4. c4 c6 5. Nc3 Nf6 6. Bg5 Be7 7. Bd3 Qb6 8.
Nge2 Be6 9. cxd5 cxd5 10. O-O Nc6 11. Rc1 O-O 12. Kh1 Kh8 13. Qd2 Nxd4 14. Be3
Nxe2 15. Bxb6 Nxc1 16. Rxc1 axb6 17. a3 Rfc8 18. Re1 Bc5 19. h3 Rc7 20. Qf4
Rac8 21. Nb5 Rd7 22. Bf5 Re8 23. Bxe6 fxe6 24. b4 Bf8 25. Qd4 Kg8 26. Qxb6 e5
27. Qe3 Kh8 28. Qd3 d4 29. f3 g6 30. f4 e4 31. Qc2 d3 32. Qc3 Bg7 33. Qd2 Nd5
34. f5 gxf5 35. Qxd3 exd3 36. Rxe8+ Bf8 37. Rxf8+ Kg7 38. Rxf5 d2 0-1

[Event "Open Ricany 2012"]
[Site "http://www.openricany.cz/"]
[Date "2012.08.28"]
[Round "4.40"]
[White "Eisner, Oldrich"]
[Black "Filip, Vojtech"]
[Result "1/2-1/2"]
[WhiteElo "1833"]
[BlackElo "1832"]
[PlyCount "22"]
[EventDate "2012.??.??"]

1. d4 d5 2. Nf3 e6 3. c4 Nf6 4. g3 Be7 5. Bg2 b6 6. O-O Bb7 7. Nc3 O-O 8. Ne5
Nbd7 9. Qa4 Nxe5 10. dxe5 Ne4 11. Nxe4 dxe4 1/2-1/2

[Event "Open Ricany 2012"]
[Site "http://www.openricany.cz/"]
[Date "2012.08.28"]
[Round "4.41"]
[White "Cermak, Jan"]
[Black "Berg, Antonin"]
[Result "0-1"]
[WhiteElo "1731"]
[BlackElo "1808"]
[PlyCount "76"]
[EventDate "2012.??.??"]

1. e4 Nf6 2. e5 Nd5 3. d4 d6 4. Nf3 Bg4 5. Be2 e6 6. c4 Nb6 7. O-O Be7 8. h3
Bh5 9. Nc3 O-O 10. Be3 Nc6 11. exd6 cxd6 12. d5 Bxf3 13. gxf3 Ne5 14. b3 Ng6
15. Qd2 e5 16. f4 f5 17. Nb5 a6 18. fxe5 axb5 19. exd6 Bf6 20. Rad1 bxc4 21.
bxc4 Na4 22. Qb4 Nc3 23. Bf3 Nxd1 24. Rxd1 Be5 25. Qxb7 Nh4 26. Bh1 f4 27. Bb6
Qxd6 28. c5 Qg6+ 29. Kf1 Qc2 30. Re1 Bd4 31. Re2 Qc1+ 32. Re1 Qc4+ 33. Kg1 Rxa2
34. Rf1 f3 35. Qe7 Qxd5 36. Qxh4 Bxc5 37. Bxc5 Qxc5 38. Qe4 h6 0-1

[Event "Open Ricany 2012"]
[Site "http://www.openricany.cz/"]
[Date "2012.08.28"]
[Round "4.42"]
[White "Vystrcil, Martin"]
[Black "Jirousek, Filip"]
[Result "1-0"]
[WhiteElo "1750"]
[BlackElo "1775"]
[PlyCount "83"]
[EventDate "2012.??.??"]

1. e4 c5 2. Nf3 Nc6 3. d4 cxd4 4. Nxd4 e5 5. Nb5 a6 6. Nd6+ Bxd6 7. Qxd6 Qf6 8.
Qd1 Qg6 9. Nc3 Nf6 10. Qd6 Nh5 11. Qxg6 hxg6 12. Nd5 O-O 13. Be3 Nf6 14. Bc5
Rd8 15. Nb6 Nxe4 16. Nxa8 Nxc5 17. Nb6 Nb4 18. O-O-O Nxa2+ 19. Kb1 Nb4 20. f3
d5 21. Nxc8 Rxc8 22. c3 Nc6 23. Rxd5 Ne6 24. Rd2 Na5 25. g3 Nb3 26. Rd5 Rc7 27.
Be2 Kf8 28. Rhd1 e4 29. fxe4 Ke7 30. Bg4 Nbc5 31. Bxe6 Nxe6 32. h4 Ke8 33. Rc1
Ke7 34. b4 Rc4 35. Rcd1 Rc7 36. Kb2 Ke8 37. Kb3 Ke7 38. c4 Ke8 39. c5 Ke7 40.
Ka4 Ke8 41. Ka5 Ke7 42. Rd6 1-0

[Event "Open Ricany 2012"]
[Site "http://www.openricany.cz/"]
[Date "2012.08.28"]
[Round "4.43"]
[White "Maly, Dusan"]
[Black "Skvaril, Michal"]
[Result "0-1"]
[WhiteElo "1772"]
[BlackElo "1728"]
[PlyCount "108"]
[EventDate "2012.??.??"]

1. e4 e5 2. Nf3 Nc6 3. Bb5 f5 4. d3 fxe4 5. dxe4 d6 6. Bg5 Be7 7. Qd2 Nf6 8.
Bxf6 Bxf6 9. Nc3 O-O 10. Qd5+ Kh8 11. Bxc6 bxc6 12. Qxc6 Rb8 13. Rb1 Bg4 14.
Ke2 Bh4 15. Nd5 Rf7 16. h3 Bxf3+ 17. gxf3 Qf8 18. f4 exf4 19. f3 Qd8 20. b4 Qg5
21. Rbg1 Qe5 22. c3 Bg3 23. a4 Qh5 24. a5 Qe5 25. b5 h6 26. Rb1 Qe6 27. Qa6 Rc8
28. Rb4 Kh7 29. Rc4 Rf5 30. Qc6 Rf7 31. b6 axb6 32. axb6 Bh4 33. bxc7 Qg6 34.
Qb7 Qg2+ 35. Kd3 Qxh1 36. Kc2 Qxh3 37. Nb6 Rcxc7 38. Rxc7 Rxc7 39. Qxc7 Qxf3
40. Qxd6 Qxe4+ 41. Qd3 Qxd3+ 42. Kxd3 Kg6 43. Ke4 Bg3 44. c4 Kf6 45. c5 Ke7 46.
Nc4 Kd7 47. Ne5+ Kc7 48. Kf3 h5 49. Kg2 g5 50. Kf3 g4+ 51. Ke4 f3 52. Nxf3 h4
53. Nxh4 Bxh4 54. Kf4 g3 0-1